000 00303nam a2200121Ia 4500
008 240731s9999 xx 000 0 und d
022 _a1973-9478
245 0 _aJournal of Chemotherapy
260 _bTaylor & Francis
856 _uhttps://www.tandfonline.com/loi/yjoc20
942 _2ddc
942 _cTFEJ
999 _c77509
_d77509
945 _a1
_bMadushi Gamage
_c1
_dMadushi Gamage